LEADER 01323nam a2200313 u 4500 001 000000049754 003 CaOOAMICUS 005 20070226115139.0 008 000710s2000 it u000 u ita u 020 $a8814080453 035 $a10851980 040 $aPUL$bita 100 1 $aDammacco, Renato.$0(OLS)http://pul/name/35930 245 13$aLe società di persone :$baspetti civilisti, adempimenti contabili, amministrativi e fiscali /$cRenato Dammacco, Salvatore Dammacco. 250 $a2. ed. 260 $aMilano :$bGiuffrè,$c2000. 300 $axiii, 358 p. ;$c24 cm 490 1 $aCosa & come.$aSocietà 504 $aBibliografia in nota. 650 4$aSocietà.$0(OLS)http://pul/subject/7210 700 1 $aDammacco, Salvatore.$0(OLS)http://pul/name/35931 830 0$aCosa & come.$pSocietà.$0(OLS)http://pul/title/67043 850 $aPUL 852 $aPUL$W1$xSL Diritto e Scienze Sociali 1$y4$m176 C 50$j66053$nBK-PRI$b $qStampati$B66053$CPULBib$Z2$F66053 $H $81 941 1 $a8 961 $aINV: 82015 996 $6020$a8814080453$9(OLS)http://pul/number/62927 996 $6245$aLe società di persone :$baspetti civilisti, adempimenti contabili, amministrativi e fiscali$9(OLS)http://pul/title/67042 996 $6260$aMilano :$bGiuffrè$9(OLS)http://pul/publisher/48401 LEADER 01302nam a2200301 a 4500 001 000000121127 003 CaOOAMICUS 005 20100409150211.0 008 100409t2009 it u000 u ita r 020 $a978-88-598-0403-1 040 $aPUL$bita$dReb 082 04$a345.4505 245 00$aImpugnazioni /$ca cura di Giorgio Spangher. 260 $aTorino :$bUTET Giuridica,$c©2009. 300 $axvi, 1016 p. ;$c25 cm. 490 1 $aTrattato di procedura penale ;$vVolume 5 504 $aBibliografia in nota. 650 4$aProcedura penale$zItalia.$0(OLS)http://pul/subject/12686 650 4$aImpugnazioni (diritto penale).$0(OLS)http://pul/subject/35235 700 1 $aSpangher, Giorgio,$d1944-$0(OLS)http://pul/name/65957 830 0$aTrattato di procedura penale (UTET Giuridica) ;$vVolume 5.$0(OLS)http://pul/title/145809 850 $aPUL 852 $aPUL$W1$xSL Diritto e Scienze Sociali 3$y79$m345. 4505 SPAGI 1.5$j138887$qDDC 21$q $B138126$CPULBib$Z2$F138126 $H112339 $81 941 1 $a9 996 $6020$a978-88-598-0403-1$9(OLS)http://pul/number/143788 996 $6082$a345.4505$9(OLS)http://pul/classification/385 996 $6245$aImpugnazioni$9(OLS)http://pul/title/152322 996 $6260$aTorino :$bUTET Giuridica$9(OLS)http://pul/publisher/79191